<?xml version="1.0" encoding="UTF-8"?>
<record
    xmlns:xsi="http://www.w3.org/2001/XMLSchema-instance"
    xsi:schemaLocation="http://www.loc.gov/MARC21/slim http://www.loc.gov/standards/marcxml/schema/MARC21slim.xsd"
    xmlns="http://www.loc.gov/MARC21/slim">

  <leader>01439nam a2200313   4500</leader>
  <controlfield tag="001">114352</controlfield>
  <controlfield tag="003">DR-UNIBE</controlfield>
  <controlfield tag="005">20260130062553.0</controlfield>
  <controlfield tag="008">260129b2013    dr ||||| |||| 00| 0 spa d</controlfield>
  <datafield tag="020" ind1=" " ind2=" ">
    <subfield code="a">9789945471625</subfield>
  </datafield>
  <datafield tag="040" ind1=" " ind2=" ">
    <subfield code="a">BIBLIOTECA UNIBE</subfield>
    <subfield code="b">spa</subfield>
    <subfield code="c">BIBLIOTECA UNIBE</subfield>
    <subfield code="e">rda</subfield>
  </datafield>
  <datafield tag="041" ind1=" " ind2=" ">
    <subfield code="a">spa</subfield>
  </datafield>
  <datafield tag="082" ind1=" " ind2=" ">
    <subfield code="a">RD 866 T234m 2013</subfield>
  </datafield>
  <datafield tag="100" ind1="1" ind2="0">
    <subfield code="a">Tav&#xE1;rez Mirabal, Minou,</subfield>
    <subfield code="d">1956-</subfield>
    <subfield code="9">49124</subfield>
    <subfield code="e">autor</subfield>
  </datafield>
  <datafield tag="245" ind1="1" ind2="0">
    <subfield code="a">Ma&#xF1;ana te escribir&#xE9; otra vez : Minerva y Manolo cartas / </subfield>
    <subfield code="c">Minou Tav&#xE1;rez Mirabal</subfield>
  </datafield>
  <datafield tag="250" ind1=" " ind2=" ">
    <subfield code="a">Segunda edici&#xF3;n</subfield>
  </datafield>
  <datafield tag="260" ind1=" " ind2=" ">
    <subfield code="a"> Santo Domingo : </subfield>
    <subfield code="b">Aguilar : </subfield>
    <subfield code="b">Fundaci&#xF3;n Hermanas Mirabal, </subfield>
    <subfield code="c">2013</subfield>
  </datafield>
  <datafield tag="300" ind1=" " ind2=" ">
    <subfield code="a">303 p&#xE1;ginas : </subfield>
    <subfield code="b">fotos b/n, mapas, sobres ; </subfield>
    <subfield code="c">26 x 25 cm</subfield>
  </datafield>
  <datafield tag="505" ind1=" " ind2=" ">
    <subfield code="a">I. Novios -- Agosto 1954 - Octubre 1955 | II. Esposos -- 1956-1958 | III. En la c&#xE1;rcel -- 1959-1960 | IV. La vida | Anexos</subfield>
  </datafield>
  <datafield tag="600" ind1=" " ind2="7">
    <subfield code="2">lemb</subfield>
    <subfield code="a">Mirabal, Minerva, </subfield>
    <subfield code="d">1926-1960</subfield>
    <subfield code="q">(Mirabal Reyes, Minerva Argentina)</subfield>
    <subfield code="9">141883</subfield>
    <subfield code="x">Cartas</subfield>
  </datafield>
  <datafield tag="600" ind1=" " ind2="7">
    <subfield code="2">lemb</subfield>
    <subfield code="a">Tav&#xE1;rez Justo, Manuel Aurelio (Manolo),  </subfield>
    <subfield code="d">1931-1963</subfield>
    <subfield code="9">162915</subfield>
    <subfield code="x">cartas</subfield>
  </datafield>
  <datafield tag="650" ind1=" " ind2="7">
    <subfield code="2">lemb</subfield>
    <subfield code="a">Cartas dominicanas</subfield>
    <subfield code="9">49615</subfield>
  </datafield>
  <datafield tag="650" ind1=" " ind2="7">
    <subfield code="2">lemb</subfield>
    <subfield code="a">Familia Tav&#xE1;rez Mirabal</subfield>
    <subfield code="x">cartas</subfield>
    <subfield code="9">201944</subfield>
  </datafield>
  <datafield tag="700" ind1=" " ind2="0">
    <subfield code="a">Bachelet, Michelle,</subfield>
    <subfield code="d">1951-</subfield>
    <subfield code="q">(Bachelet Jeria, Michelle Ver&#xF3;nica),</subfield>
    <subfield code="e">presentador</subfield>
    <subfield code="9">156100</subfield>
  </datafield>
  <datafield tag="700" ind1="1" ind2="0">
    <subfield code="a">Rivera Flavi&#xE1;, L&#xED;a</subfield>
    <subfield code="9">156101</subfield>
    <subfield code="e">fot&#xF3;grafo</subfield>
  </datafield>
  <datafield tag="700" ind1="1" ind2="0">
    <subfield code="a">Tav&#xE1;rez Justo, &#xC1;ngela</subfield>
    <subfield code="9">156102</subfield>
    <subfield code="e">fot&#xF3;grafo</subfield>
  </datafield>
  <datafield tag="700" ind1="1" ind2="0">
    <subfield code="a">Miol&#xE1;n, Irina</subfield>
    <subfield code="9">130770</subfield>
    <subfield code="e">dise&#xF1;ador</subfield>
    <subfield code="e">diagramador</subfield>
    <subfield code="e">collage</subfield>
  </datafield>
  <datafield tag="942" ind1=" " ind2=" ">
    <subfield code="2">ddc</subfield>
    <subfield code="c">BK</subfield>
  </datafield>
  <datafield tag="999" ind1=" " ind2=" ">
    <subfield code="c">114352</subfield>
    <subfield code="d">114352</subfield>
  </datafield>
  <datafield tag="952" ind1=" " ind2=" ">
    <subfield code="0">0</subfield>
    <subfield code="1">0</subfield>
    <subfield code="2">ddc</subfield>
    <subfield code="7">0</subfield>
    <subfield code="8">GEN-RD</subfield>
    <subfield code="a">Principal</subfield>
    <subfield code="d">2025-11-12</subfield>
    <subfield code="l">0</subfield>
    <subfield code="o">RD 866 T234m 2013</subfield>
    <subfield code="p">260053</subfield>
    <subfield code="r">2026-01-29 14:19:47</subfield>
    <subfield code="t">Ej. 1</subfield>
    <subfield code="w">2026-01-29</subfield>
    <subfield code="y">BK</subfield>
  </datafield>
  <datafield tag="952" ind1=" " ind2=" ">
    <subfield code="0">0</subfield>
    <subfield code="1">0</subfield>
    <subfield code="2">ddc</subfield>
    <subfield code="7">0</subfield>
    <subfield code="8">GEN-RD</subfield>
    <subfield code="a">Principal</subfield>
    <subfield code="d">2025-11-12</subfield>
    <subfield code="l">0</subfield>
    <subfield code="o">RD 866 T234m 2013</subfield>
    <subfield code="p">260054</subfield>
    <subfield code="r">2026-01-29 14:19:47</subfield>
    <subfield code="t">Ej. 2</subfield>
    <subfield code="w">2026-01-29</subfield>
    <subfield code="y">BK</subfield>
  </datafield>
</record>
